Biggest Cities in Angola A-Z - Statistics

General Stats
  • This quiz has been taken 6 times
  • The average score is 4 of 26
Answer Stats
Letter Population City % Correct
L 10,155,740 Luanda
100%
H 1,204,912 Huambo
67%
M 631,425 Malanje
33%
N 188,832 N'dalatando
33%
S 515,438 Saurimo
33%
U 625,172 Uíge
33%
B 1,508,193 Belas
17%
D 287,604 Dundo
17%
O 217,914 Ondjiva
17%
Z 277,846 Zango
17%
A 258,161 Andulo
0%
C 1,588,225 Cacuaco
0%
E 165,129 Ebo
0%
F 14,650 Funda
0%
G 235,486 Ganda
0%
I 3,407 Indungo
0%
J 4,251 Jamba
0%
K 110,350 Kunji
0%
P 242,444 Porto Amboim
0%
Q 158,918 Quipungo
0%
R 1,355 Rito
0%
T 754,103 Talatona
0%
V 2,491,220 Viana
0%
W 150,593 Waku-Kongo
0%
X 74,944 Xangongo
0%
Y 3,009 Yembe
0%
No matching quizzes found
Score Distribution
Percent of People with Each Score
Percentile by Number Answered
Your Score History
You have not taken this quiz